Találkozásaim Uz Bencével
Elmentve itt :
| Szerző: | |
|---|---|
| Adatforrás: | Meister |
| Forrásdokumentuma: | Korunk. - 6 sz., 1994, 4-9 p. |
| Nyelv: | magyar |
| Kulcsszavak: | kisebbségtörténet székelyek székely privilégiumok székelységtudat |
| LEADER | 00435nab a2200157 i 4500 | ||
|---|---|---|---|
| 001 | bibPRO00000087 | ||
| 008 | 060524s1994 xx hun | ||
| 040 | |a Sz1 | ||
| 041 | |a hun | ||
| 100 | 2 | |a HAJDU Farkas-Zoltán | |
| 245 | 1 | 0 | |a Találkozásaim Uz Bencével |c HAJDU Farkas-Zoltán |
| 695 | |a kisebbségtörténet | ||
| 695 | |a székelyek | ||
| 695 | |a székely privilégiumok | ||
| 695 | |a székelységtudat | ||
| 773 | 0 | |t Korunk. - |g 6 sz., 1994, 4-9 p. | |